Statistiques concernant Départements et préfectures en même temps et dans l'ordre

Cliquez ici pour prendre le quiz!

Statistiques générales

  • Ce quiz a été pris 3 525 fois
  • Le résultat moyen est 61 sur 101

Statistiques - réponses

Département% Correct
01Ain / Bourg-en-Bresse
90%
06Alpes-Maritimes / Nice
86%
13Bouches-du-Rhône / Marseille
85%
02Aisne / Laon
81%
14Calvados / Caen
80%
03Allier / Moulins
79%
33Gironde / Bordeaux
79%
17Charente-Maritime / La Rochelle
78%
2ACorse-du-Sud / Ajaccio
78%
29Finistère / Quimper
78%
2BHaute-Corse / Bastia
78%
05Hautes-Alpes / Gap
78%
07Ardèche / Privas
76%
21Côte-d'Or / Dijon
76%
34Hérault / Montpellier
76%
10Aube / Troyes
74%
11Aude / Carcassonne
74%
44Loire-Atlantique / Nantes
74%
31Haute-Garonne / Toulouse
73%
38Isère / Grenoble
73%
59Nord / Lille
73%
42Loire / Saint-Étienne
72%
75Paris
72%
15Cantal / Aurillac
71%
16Charente / Angoulême
71%
30Gard / Nîmes
71%
08Ardennes / Charleville-Mézières
70%
09Ariège / Foix
70%
12Aveyron / Rodez
70%
35Ille-et-Vilaine / Rennes
70%
40Landes / Mont-de-Marsan
70%
69Rhône / Lyon
70%
04Alpes-de-Haute-Provence / Digne-les-Bains
69%
19Corrèze / Tulle
69%
67Bas-Rhin / Strasbourg
68%
22Côtes-d'Armor / Saint-Brieuc
68%
24Dordogne / Périgueux
67%
26Drôme / Valence
67%
18Cher / Bourges
66%
45Loiret / Orléans
66%
56Morbihan / Vannes
66%
23Creuse / Guéret
65%
25Doubs / Besançon
65%
68Haut-Rhin / Colmar
65%
27Eure / Évreux
64%
50Manche / Saint-Lô
64%
62Pas-de-Calais / Arras
63%
36Indre / Châteauroux
62%
37Indre-et-Loire / Tours
62%
32Gers / Auch
61%
74Haute-Savoie / Annecy
61%
39Jura / Lons-le-Saunier
61%
73Savoie / Chambéry
61%
49Maine-et-Loire / Angers
60%
57Moselle / Metz
60%
54Meurthe-et-Moselle / Nancy
59%
60Oise / Beauvais
59%
43Haute-Loire / Le Puy-en-Velay
58%
53Mayenne / Laval
58%
58Nièvre / Nevers
57%
63Puy-de-Dôme / Clermont-Ferrand
57%
76Seine-Maritime / Rouen
57%
28Eure-et-Loir / Chartres
56%
64Pyrénées-Atlantiques / Pau
56%
66Pyrénées-Orientales / Perpignan
56%
72Sarthe / Le Mans
56%
80Somme / Amiens
56%
78Yvelines / Versailles
56%
46Lot / Cahors
55%
48Lozère / Mende
55%
83Var / Toulon
55%
47Lot-et-Garonne / Agen
54%
41Loir-et-Cher / Blois
53%
61Orne / Alençon
52%
51Marne / Châlons-en-Champagne
51%
55Meuse / Bar-le-Duc
51%
65Hautes-Pyrénées / Tarbes
50%
84Vaucluse / Avignon
49%
77Seine-et-Marne / Melun
48%
90Territoire de Belfort / Belfort
48%
85Vendée / La Roche-sur-Yon
48%
79Deux-Sèvres / Niort
47%
52Haute-Marne / Chaumont
47%
86Vienne / Poitiers
46%
89Yonne / Auxerre
46%
81Tarn / Albi
45%
71Saône-et-Loire / Mâcon
44%
70Haute-Saône / Vesoul
43%
87Haute-Vienne / Limoges
43%
88Vosges / Épinal
43%
82Tarn-et-Garonne / Montauban
41%
92Hauts-de-Seine / Nanterre
40%
93Seine-Saint-Denis / Bobigny
40%
91Essonne / Évry
39%
94Val-de-Marne / Créteil
36%
95Val-d'Oise / Cergy
36%
97/2Martinique / Fort-de-France
34%
97/3Guyane / Cayenne
33%
97/1Guadeloupe / Basse-Terre
32%
97/6Mayotte / Mamoudzou
32%
97/4La Réunion / Saint-Denis
31%

Distribution des résultats

Percentile par nombre de réponses

% des personnes avec chaque résultat

Votre développement - résultats

Vous n’avez pas pris ce quiz